[Event "USCL Week 9"]
[Site "?"]
[Date "2013.10.23"]
[Round "?"]
[White "Huschenbeth, Niclas"]
[Black "Kekelidze, Mikheil"]
[Result "1/2-1/2"]
[WhiteElo "2610"]
[BlackElo "2576"]
[PlyCount "128"]
[EventDate "2013.??.??"]

1. e4 e5 2. Nf3 Nc6 3. Bb5 Nf6 4. O-O Nxe4 5. d4 a6 6. Bxc6 dxc6 7. Qe2 Bf5 8.
Rd1 Be7 9. dxe5 Qc8 10. Nd4 Bg6 11. f3 Nc5 12. g4 Ne6 13. Nb3 h5 14. h3 Ng5 15.
Bxg5 Bxg5 16. Nc3 hxg4 17. hxg4 Qe6 18. Qf2 Bf4 19. Ne2 Bxe5 20. Nbd4 Qf6 21.
f4 Be4 22. Ng3 Qh4 23. Kf1 Qh3+ 24. Ke1 Bxd4 25. Rxd4 Bd5 26. c4 Qxg4 27. cxd5
O-O-O 28. Rad1 cxd5 29. Rxd5 Qe6+ 30. Re5 Qxa2 31. Rc1 Qb3 32. Kf1 Rd3 33. Re7
c6 34. Qa7 Rf3+ 35. Ke1 Qb4+ 36. Ke2 Qxe7+ 37. Kxf3 Re8 38. Qd4 Qe6 39. Rd1 f5
40. Rd3 g6 41. Re3 Qxe3+ 42. Qxe3 Rxe3+ 43. Kxe3 c5 44. Ne2 Kd7 45. Nc1 Ke6 46.
Nd3 Kd5 47. Ne1 Kc4 48. Nd3 Kd5 49. Ne1 a5 50. Nf3 a4 51. Nh4 b5 52. Nxg6 b4
53. Ne7+ Ke6 54. Nc6 a3 55. bxa3 bxa3 56. Na5 c4 57. Nc6 a2 58. Nd4+ Kd5 59.
Nc2 Kc5 60. Kd2 Kd5 61. Ke3 Kc5 62. Kd2 Kd5 63. Ke3 Kc5 64. Kd2 Kd5 1/2-1/2

[Event "USCL Week 9"]
[Site "?"]
[Date "2013.10.23"]
[Round "?"]
[White "Sarkar, Justin"]
[Black "Kaufman, Larry"]
[Result "1-0"]
[WhiteElo "2512"]
[BlackElo "2401"]
[PlyCount "55"]
[EventDate "2013.??.??"]

1. d4 Nf6 2. c4 e6 3. Nc3 Bb4 4. e3 O-O 5. Bd3 d5 6. a3 Bxc3+ 7. bxc3 c5 8. Ne2
dxc4 9. Bxc4 Qc7 10. Bd3 Nc6 11. f4 Rd8 12. O-O b6 13. Bb2 e5 14. fxe5 Ng4 15.
Qb1 Ncxe5 16. Bxh7+ Kh8 17. dxe5 Qxe5 18. Ng3 Qxe3+ 19. Kh1 Ba6 20. c4 Bxc4 21.
Bxg7+ Kxg7 22. Nf5+ Kxh7 23. Nxe3+ Bd3 24. Qe1 Nxe3 25. Qxe3 Bxf1 26. Rxf1 Kg8
27. Qg5+ Kf8 28. Qf6 1-0

[Event "USCL Week 9"]
[Site "?"]
[Date "2013.10.23"]
[Round "?"]
[White "Defibaugh, Jared"]
[Black "Pressman, Leif"]
[Result "0-1"]
[WhiteElo "2297"]
[BlackElo "2374"]
[PlyCount "94"]
[EventDate "2013.??.??"]

1. e4 c5 2. Nf3 e6 3. b3 Nc6 4. Bb2 Nf6 5. e5 Nd5 6. g3 Be7 7. Bg2 O-O 8. O-O
d6 9. exd6 Qxd6 10. Nc3 Nxc3 11. Bxc3 Nd4 12. d3 Bd7 13. Nd2 Bc6 14. Nc4 Qc7
15. Bxd4 cxd4 16. Bxc6 Qxc6 17. a4 Bb4 18. f4 Bc3 19. Rb1 Rac8 20. Qg4 g6 21.
f5 exf5 22. Rxf5 Qe6 23. Rbf1 Rc5 24. R5f4 Qxg4 25. Rxg4 f5 26. Rgf4 a6 27. a5
g5 28. R4f2 Rf6 29. Re2 Bxa5 30. Re7 Bc7 31. g4 b5 32. Na3 Bf4 33. gxf5 Rcxf5
34. Kg2 Bd6 35. Rxf5 Rxf5 36. Nxb5 Bxe7 37. Nxd4 Rc5 38. c4 Rc7 39. Kf3 h5 40.
h3 Kf7 41. Ke4 Rb7 42. Kd5 Rd7+ 43. Ke4 g4 44. hxg4 hxg4 45. Nf5 Rb7 46. d4
Rxb3 47. c5 g3 0-1